Every LEGO Ninjago: Masters of Spinjitzu Minifigure - Statistics

General Stats
  • This quiz has been taken 44 times
    8 since last reset
  • The average score is 139 of 204
Answer Stats
First Appereance Answer % Correct
Sons of Garmadon Baby Wu
100%
Masters of Spinjitzu Cole
100%
Skybound Cole (Ghost)
100%
Hunted Dragon Master Wu
100%
Dragons Rising Evil Jay
100%
Legacy Former Master of Earth
100%
Legacy Former Master of Lightning
100%
Secrets of Forbidden Spinjitzu Ice Emperor
100%
Masters of Spinjitzu Jay
100%
Masters of Spinjitzu Kai
100%
Masters of Spinjitzu Lord Garmadon
100%
Rebooted Master Garmadon
100%
Masters of Spinjitzu Master Wu
100%
Masters of Spinjitzu Nya
100%
Rebooted P.I.X.A.L.
100%
Rise of the Serpentine Pythor
100%
Dragons Rising Rogue
100%
Masters of Spinjitzu Samukai
100%
Rise of the Serpentine Samurai X
100%
Rise of the Serpentine Skales
100%
Sons of Garmadon Snake Jaguar
100%
Rebooted Techno Wu
100%
Legacy Young Garmadon
100%
Hunted Young Wu
100%
Masters of Spinjitzu Zane
100%
Rise of the Serpentine Acidicus
83%
Hands of Time Acronix
83%
Tournament of Elements Ash
83%
Secrets of Forbidden Spinjitzu Aspheera
83%
Legacy Bolobo
83%
Tournament of Elements Chope
83%
Tournament of Elements Chope'rai
83%
Masters of Spinjitzu Chopov
83%
Skybound Clancee
83%
Tournament of Elements Clouse
83%
Crystalized Crystal King
83%
Rebooted Cyrus Borg
83%
Legacy Dr. Sander Saunders
83%
The LEGO NINJAGO Movie Ed
83%
The LEGO NINJAGO Movie Edna
83%
Tournament of Elements Eyezor
83%
Day of the Departed Eyezor'rai
83%
Legacy Faith
83%
Rise of the Serpentine Fang-Suei
83%
Rise of the Serpentine Fangtom
83%
Rebooted General Cryptor
83%
Legacy of the Green Ninja General Kozu
83%
Secrets of Forbidden Spinjitzu General Vex the Formless
83%
Possession Ghoultar
83%
Skybound Giant Stone Warrior
83%
Legacy Gravis
83%
Tournament of Elements Griffin Turner
83%
Sons of Garmadon Harumi
83%
Hunted Heavy Metal
83%
Hunted Iron Baron
83%
Legacy Jacob Pevsner
83%
Tournament of Elements Kapau
83%
Tournament of Elements Kapau'rai
83%
Tournament of Elements Karlof
83%
The LEGO NINJAGO Movie Koko
83%
Tournament of Elements Krait
83%
Masters of Spinjitzu Krazi
83%
Masters of Spinjitzu Kruncha
83%
Hands of Time Krux
83%
The LEGO NINJAGO Movie Lady Iron Dragon
83%
Rise of the Serpentine Lloyd
83%
Possession Lloyd (Possessed)
83%
Tournament of Elements Master Chen
83%
Dragons Rising Master Lloyd
83%
Hands of Time Maya
83%
Rebooted Min-Droid
83%
Possession Misako
83%
Possession Morro
83%
Sons of Garmadon Mr. E
83%
Crystalized Mr. F
83%
Skybound Nadakhan
83%
Masters of Spinjitzu Nuckal
83%
Rebooted OverBorg
83%
Legacy of the Green Ninja Overlord
83%
Rise of the Serpentine Rattla
83%
Hands of Time Ray
83%
Hands of Time Rivett
83%
Possession Ronin
83%
Prime Empire Scott
83%
Tournament of Elements Shade
83%
Master of the Mountain Skull Sorcerer
83%
Tournament of Elements Skylor
83%
Hands of Time Slackjaw
83%
Rise of the Serpentine Snike
83%
Possession Soul Archer
83%
Hands of Time Tannin
83%
Hunted The Quiet One
83%
Sons of Garmadon Ultra Violet
83%
Prime Empire Unagami
83%
Hands of Time Vermin
83%
Masters of Spinjitzu Wyplash
83%
Tournament of Elements Zugu
83%
Secrets of Forbidden Spinjitzu Akita
67%
Dragons Rising Arin
67%
Hunted Arkade
67%
Possession Bansha
67%
Seabound Benthomaar
67%
Masters of Spinjitzu Bonezai
67%
Skybound Bucko
67%
Rise of the Serpentine Bytar
67%
Secrets of Forbidden Spinjitzu Char
67%
Hunted Chew Toy
67%
Rise of the Serpentine Chokun
67%
Secrets of Forbidden Spinjitzu Clutch Powers
67%
Hunted Daddy No Legs
67%
Rebooted Dareth
67%
Skybound Dogshank
67%
Skybound Doubloon
67%
Dragons Rising Empress Beatrix
67%
Rise of the Serpentine Fangdam
67%
Skybound Flintlocke
67%
Dragons Rising Frak
67%
Masters of Spinjitzu Frakjaw
67%
Hunted Jet Jack
67%
Seabound Kalmaar
67%
Rise of the Serpentine Lasha
67%
Day of the Departed Lil' Nelson
67%
Rise of the Serpentine Lizaru
67%
Dragons Rising Lord Ras
67%
Day of the Departed Master Yang
67%
Rise of the Serpentine Mezmo
67%
Skybound Monkey Wretch
67%
Hands of Time Neuro
67%
Dragons Rising Nokt
67%
Prime Empire Okino
67%
Possession Postman
67%
Rise of the Serpentine Skalidor
67%
Tournament of Elements Sleven
67%
Rise of the Serpentine Slithraa
67%
Rise of the Serpentine Snappa
67%
Dragons Rising Sora
67%
Rise of the Serpentine Spitta
67%
Legacy The Mechanic
67%
March of the Oni The Omega
67%
Master of the Mountain Vania
67%
Core Bone King
50%
Skybound Captain Soto
50%
Dragons Rising Cinder
50%
Hands of Time Commander Blunck
50%
Hands of Time Commander Raggmunk
50%
Skybound Cyren
50%
Legacy Dr. Julien
50%
Dragons Rising Dr. LaRow
50%
Skybound Echo Zane
50%
Dragons Rising Euphrasia
50%
Hands of Time General Machia
50%
Legacy Hibernus
50%
Sons of Garmadon Hutchins
50%
Sons of Garmadon Killow
50%
Dragons Rising Loyalist Leader
50%
Sons of Garmadon Luke Cunningham
50%
Tournament of Elements Mr. Pale
50%
Hunted Muzzle
50%
The LEGO NINJAGO Movie Mystake
50%
Dragons Rising Racer Seven
50%
Prime Empire Richie
50%
Dragons Rising Riyu
50%
Dragons Rising Roby
50%
Dragons Rising Rox
50%
Skybound Sqiffy
50%
Prime Empire Sushimi
50%
Legacy The First Spinjitzu Master
50%
Tournament of Elements Tox
50%
Possession Wrayth
50%
Tournament of Elements Auto
33%
Dragons Rising Bleckt
33%
Dragons Rising Chamille
33%
The Island Chief Mammatus
33%
Sons of Garmadon Chopper Maroon
33%
Dragons Rising Dorama
33%
Dragons Rising Drix
33%
Dragons Rising Gayle Gossip
33%
Master of the Mountain Ginkle
33%
Master of the Mountain Gleck
33%
Seabound Glutinous
33%
Prime Empire Hausner
33%
Dragons Rising Hounddog McBrag
33%
Dragons Rising Jordana
33%
Dragons Rising Kur
33%
Dragons Rising Miss Demeanor
33%
Master of the Mountain Moe
33%
Master of the Mountain Murt
33%
Sons of Garmadon Nails
33%
The Island PoulErik
33%
Dragons Rising Rapton
33%
The LEGO NINJAGO Movie Rufus McCallister
33%
Hunted Scar the Skullbreaker
33%
Sons of Garmadon Skip Vicious
33%
Dragons Rising Twitchy Tim
33%
Dragons Rising Vinny Folson
33%
Dragons Rising Wyldfyre
33%
Dragons Rising Zarkt
33%
The LEGO NINJAGO Movie Fred Finley
17%
Legacy Grimfax
17%
The LEGO NINJAGO Movie Sally
17%
Dragons Rising Spirit of the Temple
17%
Skybound Tai-D
17%
The LEGO NINJAGO Movie Tommy
17%
Dragons Rising Tyr
17%
No matching quizzes found
Score Distribution
Percent of People with Each Score
Percentile by Number Answered
Your Score History
You have not taken this quiz since the last reset